000 00368 a2200169 4500
001 187868
020 _a978-85-7153-207-6
040 _cMagnum
100 _aSorrenti, Neusa
240 1 0 _aQuando a primavera...
_lpor
245 1 0 _aQuando a primavera...
300 _a39
362 0 _a2007
440 1 _aRHJ
697 _aLITERATURA INFANTO-JUVENIL
942 _cBK
999 _c187868
_d187868